The hunger artists : starving, writing, and imprisonment /

Guardado en:
Bibliografiske detaljer
Hovedforfatter: Ellmann, Maud, 1954-
Format: Ukendt
Sprog:English
Udgivet: Cambridge, Massachusetts : Harvard University, c1993.
Fag:
Tags: Tilføj Tag
Ingen Tags, Vær først til at tagge denne postø!

MARC

LEADER 000000000a22000000004500
001 003183
020 |a 067442705x 
041 0 |a eng 
082 0 4 |a 306.4D   |b R528e 
100 1 |a Ellmann, Maud,   |d 1954- 
245 1 0 |a The hunger artists :   |b starving, writing, and imprisonment /   |c Maud Ellmann. 
260 1 |a Cambridge, Massachusetts :   |b Harvard University,   |c c1993. 
300 |a xii, 136 páginas :   |b ilustraciones 
500 |a Colección George Yudice 
650 4 |a RICHARDSON, SAMUEL, 1689-1761. CLARISSA 
650 4 |a ANOREXIA NERVIOSA EN LA LITERATURA 
650 4 |a HUELDA DE HAMBRE EN IRLANDA, IRLANDA DEL NORTE 1981 
999 |c 9475  |d 9475 
942 |c BK  |h 306.4D R528e  |2 z